Actualités 2025 - Mort subite - Statistiques

Statistiques générales
  • Ce quiz a été pris 362 fois
  • Le résultat moyen est 3 sur 8
Answers on the Grid
Answers color-coded by a green-red scale on the quiz's grid according to % correct below.
Fiançailles de Taylor Swift et Travis Kelce
Fiançailles de Taylor Swift et Taylor Lautner
Nomination du nouveau pape : Léon XIV
Nomination du nouveau pape : Léon XVI
Braquage au musée du Louvre
Braquage à Versailles
Mark Carney devient Premier ministre du Canada
Keir Starmer devient Premier ministre du Canada
Victoire de la France au Tournoi des Six Nations
Victoire de l'Angleterre au Tournoi des Six Nations
Assassinat de Charlie Kirk aux États-Unis
Assassinat de Donald Trump aux États-Unis
Lecornu nommé premier ministre
Bayrou nommé premier ministre
Championnats du monde d’athlétisme à Tokyo
Championnats du monde d’athlétisme à Pékin
 
Statistiques - réponses
Réponse % Correct
Braquage au musée du Louvre
61%
Assassinat de Charlie Kirk aux États-Unis
58%
Lecornu nommé premier ministre
56%
Nomination du nouveau pape : Léon XIV
38%
Fiançailles de Taylor Swift et Travis Kelce
28%
Mark Carney devient Premier ministre du Canada
26%
Victoire de la France au Tournoi des Six Nations
22%
Championnats du monde d’athlétisme à Tokyo
15%
Aucun quiz correspondant
Distribution des résultats
% des personnes avec chaque résultat
Percentile par nombre de réponses
Votre historique - résultats
Vous n’avez pas pris ce quiz